| 000 | 00963nam a2200265 i 4500 | ||
|---|---|---|---|
| 003 | DO-SdBNP | ||
| 005 | 20230412152541.0 | ||
| 006 | a|||||r|||| 00| ed | ||
| 007 | ta | ||
| 008 | 230412e rd aco|gr|||| 001 edspa d | ||
| 040 |
_aDO-SdBNP _bspa _cBNPHU _erda |
||
| 082 | 4 |
_222 _bS211u |
|
| 100 | 1 |
_982769 _aSánchez Bello, Fabio |
|
| 245 | 1 | 4 |
_aUna década de ajedrez e historia : _bresumen copa "batalla de Azua" 1992 -2001 / _cFabio Sánchez Bello; diagramación, Luis R. Cunillera M. |
| 264 | 1 | 0 |
_aSanto Domingo : _bLuz de Luna, _c2006 |
| 300 |
_a155 páginas : _bIlustraciones, fotografías, retratos , _c20 cm |
||
| 336 |
_2rdacontent _atexto _btxt |
||
| 337 |
_asin medición _2rdamedia |
||
| 338 |
_2rdacarrier _avolumen _bnc |
||
| 500 | _aIncluye datos biográficos del autor en la contracubierta | ||
| 504 | _aBibliografía: página 155 | ||
| 590 | _aInventariado 2023 / MF | ||
| 700 | 1 |
_943351 _aCunillera M., Luis R. _ediagramador |
|
| 942 |
_2ddc _cLBS1 |
||
| 999 |
_c53209 _d53209 |
||